<?xml version="1.0" encoding="UTF-8"?>
<record
    xmlns:xsi="http://www.w3.org/2001/XMLSchema-instance"
    xsi:schemaLocation="http://www.loc.gov/MARC21/slim http://www.loc.gov/standards/marcxml/schema/MARC21slim.xsd"
    xmlns="http://www.loc.gov/MARC21/slim">

  <leader>02214nam a2200469   4500</leader>
  <controlfield tag="005">20240503133730.0</controlfield>
  <controlfield tag="008">240503b        mx ||||| |||| 00| 0 spa d</controlfield>
  <datafield tag="050" ind1="0" ind2="4">
    <subfield code="a">PN1995.9.N3536</subfield>
    <subfield code="b">C56 2010</subfield>
  </datafield>
  <datafield tag="245" ind1="0" ind2=" ">
    <subfield code="a">Cine socialismo</subfield>
    <subfield code="c"> / Director y escritor Jean-Luc Godard ; productor Ruth Waldburger</subfield>
  </datafield>
  <datafield tag="260" ind1=" " ind2=" ">
    <subfield code="a">M&#xE9;xico : </subfield>
    <subfield code="b">RTC Secretar&#xED;a de Gobernaci&#xF3;n, </subfield>
    <subfield code="c">2010</subfield>
  </datafield>
  <datafield tag="300" ind1=" " ind2=" ">
    <subfield code="a">1 video disco [102 min.] :</subfield>
    <subfield code="b">sonido dolby digital ; </subfield>
    <subfield code="c">4 3/4 pulgadas</subfield>
  </datafield>
  <datafield tag="508" ind1=" " ind2=" ">
    <subfield code="a">director de fotograf&#xED;a: Fabrice Aragno, Paul Grivas, Jean-Paul Battaggia ; director de edici&#xF3;n: Francois Musy, Gabriel H&#xE1;fner.</subfield>
  </datafield>
  <datafield tag="511" ind1=" " ind2=" ">
    <subfield code="a">Catherine Tanvier, Christian Sinniger, Jean-Marc Stehl&#xE9;, Agatha Couture, &#xC9;ye Haidara, Marie-Christine Bergier.</subfield>
  </datafield>
  <datafield tag="518" ind1=" " ind2=" ">
    <subfield code="a">Francia,</subfield>
  </datafield>
  <datafield tag="518" ind1=" " ind2=" ">
    <subfield code="a">Zuiza. </subfield>
  </datafield>
  <datafield tag="520" ind1=" " ind2=" ">
    <subfield code="a">Es una pieza en tres movimientos: 
Tres vistas de Europa: la historia de un continente, la interacci&#xF3;n de los personajes an&#xF3;nimos en un crucero, las preocupaciones de los ni&#xF1;os sobre la libertad, igualdad y fraternidad, las historias, leyendas y contradicciones de seis ciudades.
1.- Cosas como esas, 
2.- Nuestra Europa,
3.- Nuestras humanidades.</subfield>
  </datafield>
  <datafield tag="521" ind1=" " ind2=" ">
    <subfield code="a">Clasificaci&#xF3;n "B".</subfield>
  </datafield>
  <datafield tag="538" ind1=" " ind2=" ">
    <subfield code="a">DVD</subfield>
  </datafield>
  <datafield tag="546" ind1=" " ind2=" ">
    <subfield code="a">Frances, </subfield>
  </datafield>
  <datafield tag="546" ind1=" " ind2=" ">
    <subfield code="a">Alem&#xE1;n, </subfield>
  </datafield>
  <datafield tag="546" ind1=" " ind2=" ">
    <subfield code="a">Ingles, </subfield>
  </datafield>
  <datafield tag="546" ind1=" " ind2=" ">
    <subfield code="a">Italiano, </subfield>
  </datafield>
  <datafield tag="546" ind1=" " ind2=" ">
    <subfield code="a">Ruso, </subfield>
  </datafield>
  <datafield tag="546" ind1=" " ind2=" ">
    <subfield code="a">Espa&#xF1;ol.</subfield>
  </datafield>
  <datafield tag="586" ind1=" " ind2=" ">
    <subfield code="a">2010: Asociaci&#xF3;n de Cr&#xED;ticos de Los &#xC1;ngeles: Mejor pel&#xED;cula experimental / independiente</subfield>
  </datafield>
  <datafield tag="650" ind1=" " ind2="7">
    <subfield code="2">lemb</subfield>
    <subfield code="a">Caracter&#xED;sticas nacionales</subfield>
    <subfield code="z">Europa</subfield>
    <subfield code="v">Drama</subfield>
  </datafield>
  <datafield tag="700" ind1="1" ind2=" ">
    <subfield code="a">Godard, Jean-Luc,</subfield>
    <subfield code="e">director y escritor </subfield>
  </datafield>
  <datafield tag="700" ind1="1" ind2=" ">
    <subfield code="a">Waldburger, Ruth, </subfield>
    <subfield code="e">productor </subfield>
  </datafield>
  <datafield tag="700" ind1="1" ind2=" ">
    <subfield code="a">Aragno, Fabrice, </subfield>
    <subfield code="e">director de fotograf&#xED;a</subfield>
  </datafield>
  <datafield tag="700" ind1="1" ind2=" ">
    <subfield code="a">Grivas, Paul, </subfield>
    <subfield code="e">director de fotograf&#xED;a</subfield>
  </datafield>
  <datafield tag="700" ind1="1" ind2=" ">
    <subfield code="a">Battaggia, Jean-Paul, </subfield>
    <subfield code="e">director de fotograf&#xED;a</subfield>
  </datafield>
  <datafield tag="700" ind1="1" ind2=" ">
    <subfield code="a">Musy, Francois, </subfield>
    <subfield code="e">director de edici&#xF3;n</subfield>
  </datafield>
  <datafield tag="700" ind1="1" ind2=" ">
    <subfield code="a">H&#xE1;fner, Gabriel, </subfield>
    <subfield code="e">director de edici&#xF3;n</subfield>
  </datafield>
  <datafield tag="700" ind1="1" ind2=" ">
    <subfield code="a">Tanvier, Catherine, </subfield>
    <subfield code="e">actor</subfield>
  </datafield>
  <datafield tag="700" ind1="1" ind2=" ">
    <subfield code="a">Sinniger, Christian, </subfield>
    <subfield code="e">actor</subfield>
  </datafield>
  <datafield tag="700" ind1="1" ind2=" ">
    <subfield code="a">Stehl&#xE9;, Jean-Marc, </subfield>
    <subfield code="e">actor</subfield>
  </datafield>
  <datafield tag="700" ind1="1" ind2=" ">
    <subfield code="a">Couture, Agatha, </subfield>
    <subfield code="e">actriz</subfield>
  </datafield>
  <datafield tag="700" ind1="1" ind2=" ">
    <subfield code="a">Haidara, &#xC9;ye,</subfield>
    <subfield code="e">actriz</subfield>
  </datafield>
  <datafield tag="700" ind1="1" ind2=" ">
    <subfield code="a">Bergier, Marie-Christine, </subfield>
    <subfield code="e">actriz</subfield>
  </datafield>
  <datafield tag="710" ind1=" " ind2=" ">
    <subfield code="4">   </subfield>
  </datafield>
  <datafield tag="942" ind1=" " ind2=" ">
    <subfield code="2">lcc</subfield>
    <subfield code="c">VID</subfield>
  </datafield>
  <datafield tag="999" ind1=" " ind2=" ">
    <subfield code="c">170210</subfield>
    <subfield code="d">170208</subfield>
  </datafield>
  <datafield tag="952" ind1=" " ind2=" ">
    <subfield code="0">0</subfield>
    <subfield code="1">0</subfield>
    <subfield code="2">lcc</subfield>
    <subfield code="4">0</subfield>
    <subfield code="7">0</subfield>
    <subfield code="a">INV-033</subfield>
    <subfield code="b">INV-033</subfield>
    <subfield code="c">MA</subfield>
    <subfield code="d">2024-05-03</subfield>
    <subfield code="e">DON</subfield>
    <subfield code="l">0</subfield>
    <subfield code="o">PN1995.9.N3536 C56 2010</subfield>
    <subfield code="p">IIH000036357</subfield>
    <subfield code="r">2024-05-03 14:38:35</subfield>
    <subfield code="t">1</subfield>
    <subfield code="w">2024-05-03</subfield>
    <subfield code="y">VID</subfield>
  </datafield>
</record>
